| 000 | 00322cam a22001097a 4500 | ||
|---|---|---|---|
| 008 | 180718bxv,197p. xxu||||| |||| 00| 0 eng d | ||
| 082 | _aT19x5488 Se55 | ||
| 100 | _aSen, Probhat Kumar | ||
| 245 |
_aLand and people of the andamans _cby Probhat Kumar Sen |
||
| 260 |
_aCalcutta _b1962 _cxv,197p. |
||
| 650 | _aLand- WestBengal | ||
| 999 |
_c437142 _d437142 |
||